000 00668nam a2200133Ia 4500
008 171212s9999 xx 000 0 und d
020 _a9780833091109
100 _aRomanosky, Sasha;Libicki, Martin C.;Winkelman, Zev;Tkacheva, Olesya
245 _cRomanosky, Sasha;Libicki, Martin C.;Winkelman, Zev;Tkacheva, Olesya
_aInternet Freedom Software and Illicit Activity
_bSupporting Human Rights Without Enabling Criminals
260 _bRAND Corporation
_c2015
650 _aInternet access; Freedom of information; Human rights; Computer crimes -- Prevention; Internet -- Moral and ethical aspects
650 _aLaw
856 _uhttp://jstor.org/stable/10.7249/j.ctt17mvhd1
999 _c352234
_d352234